Christian faith and other faiths: (Record no. 1351)

MARC details
000 -LEADER
fixed length control field 00876cam a2200289 4500
001 - CONTROL NUMBER
control field 405945
003 - CONTROL NUMBER IDENTIFIER
control field GBCCL
005 - DATE AND TIME OF LATEST TRANSACTION
control field 20241126110359.0
008 - FIXED-LENGTH DATA ELEMENTS--GENERAL INFORMATION
fixed length control field 710414s1970 enk b 001 0 eng
010 ## -
-- 79549128
015 ## -
-- B70-15871
040 ## - CATALOGING SOURCE
Original cataloging agency DLC
Transcribing agency DLC
Modifying agency DLC
050 00 -
-- BR127
-- .N37 1970
082 00 - DEWEY DECIMAL CLASSIFICATION NUMBER
Classification number 261.2
Item number NEI
100 1# - MAIN ENTRY--PERSONAL NAME
Personal name Neill, Stephen,
Dates associated with a name 1900-1984.
9 (RLIN) 2663
245 10 - TITLE STATEMENT
Title Christian faith and other faiths:
Remainder of title the Christian dialogue with other religions
Statement of responsibility, etc. [by] Stephen Neill.
250 ## - EDITION STATEMENT
Edition statement 1st Indian ed.
260 ## - PUBLICATION, DISTRIBUTION, ETC.
Place of publication, distribution, etc. Lucknow :
Name of publisher, distributor, etc. Lucknow publishing house,
Date of publication, distribution, etc. 1966
300 ## - PHYSICAL DESCRIPTION
Extent 241 p.
Dimensions 21 cm.
350 ## - PRICE (NR) (BK AM CF MU VM SE) [OBSOLETE]
Price 15/-
490 0# - SERIES STATEMENT
Series statement Oxford paperbacks, 196
504 ## - BIBLIOGRAPHY, ETC. NOTE
Bibliography, etc. note Bibliography: p. 235-239.
650 #0 - SUBJECT ADDED ENTRY--TOPICAL TERM
Topical term or geographic name entry element Christianity and other religions.
9 (RLIN) 12
650 #0 - SUBJECT ADDED ENTRY--TOPICAL TERM
Topical term or geographic name entry element Religions.
9 (RLIN) 261
906 ## - LOCAL DATA ELEMENT F, LDF (RLIN)
a 7
b cbc
c orignew
d 3
e ncip
f 19
g y-gencatlg
942 ## - ADDED ENTRY ELEMENTS (KOHA)
Source of classification or shelving scheme Dewey Decimal Classification
Koha item type Books
Koha issues (borrowed), all copies 2
Holdings
Withdrawn status Lost status Source of classification or shelving scheme Damaged status Not for loan Home library Current Library Shelving location Date acquired Total checkouts Full call number Barcode Date last seen Date last checked out Copy number Price effective from Koha item type
    Dewey Decimal Classification     GRACE BIBLE COLLEGE GRACE BIBLE COLLEGE Ministry & Mission 2017-04-26 2 261.2 NEI 001728 2025-05-01 2024-09-30 c.1 2017-04-26 Books
    Dewey Decimal Classification     GRACE BIBLE COLLEGE GRACE BIBLE COLLEGE Ministry & Mission 2018-02-26   261.2 NEI 001730 2025-05-01   c.2 2018-02-26 Books
© Grace Bible College Library 2025